<?xml version="1.0" encoding="UTF-8"?>
<collection xmlns="http://www.loc.gov/MARC21/slim">
 <record>
  <leader>01372nam a22002177a 4500</leader>
  <controlfield tag="001">NCT_151607</controlfield>
  <controlfield tag="008">230607b        xxu||||| |||| 00| 0 vie d</controlfield>
  <datafield tag="999" ind1=" " ind2=" ">
   <subfield code="c">7841</subfield>
   <subfield code="d">7841</subfield>
  </datafield>
  <datafield tag="020" ind1=" " ind2=" ">
   <subfield code="a">9786049658877</subfield>
   <subfield code="c">40000</subfield>
  </datafield>
  <datafield tag="082" ind1="0" ind2="4">
   <subfield code="2">23rd ed.</subfield>
   <subfield code="a">519.5</subfield>
   <subfield code="b">T103</subfield>
  </datafield>
  <datafield tag="100" ind1="1" ind2=" ">
   <subfield code="a">Võ Văn Tài</subfield>
   <subfield code="d">Chủ biên</subfield>
  </datafield>
  <datafield tag="245" ind1="1" ind2="0">
   <subfield code="a">Giáo trình xác suất thống kê </subfield>
   <subfield code="c">Võ Văn Tài (Chủ biên), Dương Thị Tuyền</subfield>
  </datafield>
  <datafield tag="250" ind1=" " ind2=" ">
   <subfield code="a">Tái bản lần thứ tư</subfield>
  </datafield>
  <datafield tag="260" ind1=" " ind2=" ">
   <subfield code="a">Càn Thơ</subfield>
   <subfield code="b">Đại học Cần Thơ</subfield>
   <subfield code="c">2022</subfield>
  </datafield>
  <datafield tag="300" ind1=" " ind2=" ">
   <subfield code="a">191 tr.</subfield>
   <subfield code="b">Minh họa</subfield>
   <subfield code="c">24cm</subfield>
  </datafield>
  <datafield tag="520" ind1="3" ind2=" ">
   <subfield code="a">Giáo trình này cung cấp cho bạn đọc ở bậc đại học, khối kiến thức kỹ thuật, kinh tế, nông nghiệp,..có tài liệu tham khảo, học tập, ứng dụng trong nghiên cứu khoa học lĩnh vực của mình. Giáo trình này gồm 6 chương: Chương 1: Xác suất công thức tính xác suất Chương 2: Biến cố ngẫu nhiên và một số luật phối xác suất thông dụng .....</subfield>
  </datafield>
  <datafield tag="653" ind1=" " ind2=" ">
   <subfield code="a">Cơ bản</subfield>
  </datafield>
  <datafield tag="700" ind1="1" ind2=" ">
   <subfield code="a">Dương Thị Tuyền</subfield>
  </datafield>
  <datafield tag="942" ind1=" " ind2=" ">
   <subfield code="2">ddc</subfield>
   <subfield code="c">BK</subfield>
  </datafield>
  <datafield tag="952" ind1=" " ind2=" ">
   <subfield code="0">0</subfield>
   <subfield code="1">0</subfield>
   <subfield code="2">ddc</subfield>
   <subfield code="4">0</subfield>
   <subfield code="6">519_500000000000000_T103</subfield>
   <subfield code="7">0</subfield>
   <subfield code="9">27832</subfield>
   <subfield code="a">000001</subfield>
   <subfield code="b">000001</subfield>
   <subfield code="d">2023-06-07</subfield>
   <subfield code="o">519.5 T103</subfield>
   <subfield code="p">MD.21877</subfield>
   <subfield code="r">2023-06-07</subfield>
   <subfield code="t">40000</subfield>
   <subfield code="w">2023-06-07</subfield>
   <subfield code="y">BK</subfield>
  </datafield>
  <datafield tag="980" ind1=" " ind2=" ">
   <subfield code="a">Thư viện Trường Đại học Nam Cần Thơ</subfield>
  </datafield>
 </record>
</collection>
